| 000 | 00414ntaaa2200169 4500 | ||
|---|---|---|---|
| 003 | 01 | ||
| 005 | 20251027201557.0 | ||
| 008 | 0714s1973 ag 01 | ||
| 040 |
_aAR-BaBN _bspa _cAR-BaBN _eaacr _dRIC |
||
| 082 | _a230.0000 H81 | ||
| 100 | _aHough, Lynn Harold | ||
| 245 | _aFe práctica del Cristianismo | ||
| 250 |
_a1 ed. : _bImprenta Metodista, _cc/926 |
||
| 300 | _a183 p. | ||
| 650 | _aTeología | ||
| 942 | _cBK | ||
| 999 |
_c10383 _d10383 |
||